| 000 | 00460nam a2200169Ia 4500 | ||
|---|---|---|---|
| 003 | GCL | ||
| 008 | 140319s9999 xx 000 0 eng d | ||
| 040 |
_aGCL / _cGCL |
||
| 082 | 0 | 4 |
_a791.43 _bM B |
| 100 | 1 | _aMARKET HOUSE BOOKS LTD | |
| 245 | 1 | 0 |
_aBREWER'S CINEMA: A PHRASE AND FABLE DICTIONARY / _cMARKET HOUSE BOOKS LTD |
| 260 |
_a[S.N] : _bCASSELL ، _c1995 |
||
| 300 | _a617 | ||
| 650 | 0 | 4 | _aACTORS & ACTORESS |
| 650 | 0 | 4 | _aDICTIONARIES |
| 942 |
_2ddc _cBK |
||
| 999 |
_c25243 _d25243 |
||